PR-SOF-2482-Design, analysis fabrication of a testing jig for NDT of trsnstibial prostheses (Record no. 615220)

000 -LEADER
fixed length control field 00492nam a22001337a 4500
040 ## - CATALOGING SOURCE
Transcribing agency NUST
082 ## - DEWEY DECIMAL CLASSIFICATION NUMBER
Classification number 220 PRO
100 ## - MAIN ENTRY--PERSONAL NAME
Personal name ARIBA QURESHI MUHAMMAD AHMED KHAN NEESA MOHSIN ZOHAIR AHSAN RAJA
9 (RLIN) 131460
110 ## - MAIN ENTRY--CORPORATE NAME
Corporate name or jurisdiction name as entry element SUPERVISOR DR IMRAN SHAFI CO-SUPERVISOR DR HASAN AFTAB SAEED
9 (RLIN) 131461
245 ## - TITLE STATEMENT
Title PR-SOF-2482-Design, analysis fabrication of a testing jig for NDT of trsnstibial prostheses
260 ## - PUBLICATION, DISTRIBUTION, ETC.
Place of publication, distribution, etc. ISLAMABAD:
Name of publisher, distributor, etc. NUST COLLEGE OF EME,
Date of publication, distribution, etc. 2025.
650 ## - SUBJECT ADDED ENTRY--TOPICAL TERM
Source of heading or term DE-MECH-43
942 ## - ADDED ENTRY ELEMENTS (KOHA)
Source of classification or shelving scheme
Koha item type Project Report
Holdings
Withdrawn status Lost status Source of classification or shelving scheme Damaged status Not for loan Permanent Location Current Location Shelving location Date acquired Total Checkouts Full call number Barcode Date last seen Price effective from Koha item type
          College of Electrical & Mechanical Engineering (CEME) College of Electrical & Mechanical Engineering (CEME) Reference 10/22/2025   220 PRO PR-SOF-2482 10/22/2025 10/22/2025 Project Report
© 2023 Central Library, National University of Sciences and Technology. All Rights Reserved.